Response of buildings to accidental explosions (Record no. 85959)

MARC details
000 -LEADER
fixed length control field 00465cam a2200193 4500
001 - CONTROL NUMBER
control field D6912
008 - FIXED-LENGTH DATA ELEMENTS--GENERAL INFORMATION
fixed length control field 090401t1976 xxu||||| |||| 00| 0 eng d
035 ## - SYSTEM CONTROL NUMBER
System control number (Sirsi) u3885
041 ## - LANGUAGE CODE
Language code of text/sound track or separate title eng
050 ## - LIBRARY OF CONGRESS CALL NUMBER
Classification number 624.176
100 ## - MAIN ENTRY--PERSONAL NAME
Personal name Mainstone, R.J.
245 ## - TITLE STATEMENT
Title Response of buildings to accidental explosions
260 ## - PUBLICATION, DISTRIBUTION, ETC.
Place of publication, distribution, etc. Watford
Name of publisher, distributor, etc. BRE
Date of publication, distribution, etc. 1976
300 ## - PHYSICAL DESCRIPTION
Extent 11p. ill. 30cm
350 ## - PRICE (NR) (BK AM CF MU VM SE) [OBSOLETE]
Price 0
490 ## - SERIES STATEMENT
Series statement BRE Current Paper
Volume/sequential designation 24/76
942 ## - ADDED ENTRY ELEMENTS (KOHA)
Suppress in OPAC 0
948 ## - LOCAL PROCESSING INFORMATION (OCLC); SERIES PART DESIGNATOR (RLIN)
c (OCLC) 04/03/1997
Holdings
Withdrawn status Lost status Source of classification or shelving scheme Damaged status Not for loan Home library Current library Shelving location Date acquired Total Checkouts Full call number Barcode Date last seen Date last checked out Copy number Price effective from Koha item type
    Other/Generic Classification Scheme     London London Boxed set 14/09/1999 1 BOXED SET 30009186 06/08/2019 30/01/2001 1 06/08/2019 Book